UM Logo

Mosbys pocket dictionary of medicine Nursing allied Health. (Record no. 5881)

MARC details
000 -LEADER
fixed length control field 00546nam a22001817a 4500
008 - FIXED-LENGTH DATA ELEMENTS--GENERAL INFORMATION
fixed length control field 161124b xxu||||| |||| 00| 0 eng d
020 ## - INTERNATIONAL STANDARD BOOK NUMBER
International Standard Book Number 9814095796
082 ## - DEWEY DECIMAL CLASSIFICATION NUMBER
Edition number 2002
Classification number DRef 610.3
Item number M85
245 ## - TITLE STATEMENT
Title Mosbys pocket dictionary of medicine Nursing allied Health.
250 ## - EDITION STATEMENT
Edition statement 4th edition
260 ## - PUBLICATION, DISTRIBUTION, ETC. (IMPRINT)
Place of publication, distribution, etc. St. Louis:
Name of publisher, distributor, etc. Mosby,
Date of publication, distribution, etc. c2002.
300 ## - PHYSICAL DESCRIPTION
Extent x, 1377 pages;
Dimensions 19 cm.
650 #0 - SUBJECT ADDED ENTRY--TOPICAL TERM
9 (RLIN) 17833
Topical term or geographic name as entry element Medicine
Form subdivision Dictionaries
650 #0 - SUBJECT ADDED ENTRY--TOPICAL TERM
9 (RLIN) 17834
Topical term or geographic name as entry element Nursing
Form subdivision Dictionaries
650 #0 - SUBJECT ADDED ENTRY--TOPICAL TERM
9 (RLIN) 17835
Topical term or geographic name as entry element Health
Form subdivision Dictionaries
365 ## - TRADE PRICE
Price amount 598.00
Currency code Php
942 ## - ADDED ENTRY ELEMENTS (KOHA)
Source of classification or shelving scheme Dewey Decimal Classification
Koha item type Reference
Holdings
Withdrawn status Lost status Source of classification or shelving scheme Damaged status Not for loan Collection code Home library Current library Date acquired Source of acquisition Total Checkouts Full call number Barcode Date last seen Copy number Price effective from Koha item type
    Dewey Decimal Classification     Reference UM Digos College - LIC UM Digos College - LIC 09/28/2006 Purchased   DRef 610.3 M85 2002 18719 05/15/2025 1 11/24/2016 Reference
    Dewey Decimal Classification     Reference UM Digos College - LIC UM Digos College - LIC 09/28/2006 Purchased   DRef 610.3 M85 2002 18720 05/15/2025 2 11/24/2016 Reference